000 00390pab a2200145 454500
008 180718b1990 xxu||||| |||| 00| 0 eng d
100 _aSpencer, Jonathan
245 _aWriting within
_bAnthropology, nationalism, and culture in Sri Lanka
260 _c1990
300 _a283-300
362 _aJun.
650 _aNationalism - Sri Lanka
773 _aCurrent Anthropology
909 _a14279
999 _c14279
_d14279